000 00279nam a22001337a 4500
008 180227b xxu||||| |||| 00| 0 eng d
020 _a0870652850
041 _aeng
080 _a37
100 _a25
101 _aEDU
245 _aWriting power
_cGraham,L.H
942 _2udc
_cBK
999 _c43605
_d43605